000 002610000a22000970004500
100 1 _aMoore, Stephen D.
245 1 0 _aGigantic God : Yahweh's body
300 _aNúm 70 (1996), Páginas 87-115
773 0 _tJournal for the Study of the Old Testament
942 _cANA
999 _c54625
_d54625